000 00609nam a2200229 a 4500
001 11227
003 CO-ViMGA
008 141112s2004 ck r 000 u spa d
020 _a9582700068
040 _aCO-ViMGA
_bspa
_cCO-ViMGA
082 0 4 _aCo863.6 P17t2
100 1 _aParra Sandoval, Rodrigo
245 1 0 _aTarzán y el filosofo desnudo
250 _a1
260 _aBogotá,
_cArango editores,
_c1996
300 _a524 p.
490 _aNarrativa Colombiana
650 1 4 _aESTUDIANTES NOVELA
_915647
650 1 4 _aNOVELA COLOMBIANA
_91193
650 1 4 _aUNIVERSIDADES NOVELA
_915648
942 _2ddc
_cBK
999 _c22437
_d22437